Jim and the beanstalk / (Record no. 103138)
[ view plain ]
| 000 -LEADER | |
|---|---|
| fixed length control field | 00711nam a2200181 a 4500 |
| 005 - DATE AND TIME OF LATEST TRANSACTION | |
| control field | 20140412111250.0 |
| 008 - FIXED-LENGTH DATA ELEMENTS--GENERAL INFORMATION | |
| fixed length control field | 000824s19uu xx 00 eng d |
| 020 ## - INTERNATIONAL STANDARD BOOK NUMBER | |
| International Standard Book Number | 0-590-47723-4 |
| 050 ## - LIBRARY OF CONGRESS CALL NUMBER | |
| Classification number | TR(PS E |
| Item number | Ji56 1970 |
| 100 ## - MAIN ENTRY--PERSONAL NAME | |
| Personal name | Briggs, Raymond |
| 245 ## - TITLE STATEMENT | |
| Title | Jim and the beanstalk / |
| Statement of responsibility, etc | written and illustrated by Jim and the Beanstalk. |
| 260 ## - PUBLICATION, DISTRIBUTION, ETC. (IMPRINT) | |
| Place of publication, distribution, etc | New York : |
| Name of publisher, distributor, etc | Scholastic Inc, |
| Date of publication, distribution, etc | 1970. |
| 300 ## - PHYSICAL DESCRIPTION | |
| Extent | 1 v. (unp.) ; ill. |
| 520 ## - SUMMARY, ETC. | |
| Summary, etc | Jim climbs the beanstalk outside his window. He finds a giant at the top. This giant has problems. BIG PROBLEMS! Can Jim come up with a few BIG SOLUTIONS before he gets eaten? |
| 650 ## - SUBJECT ADDED ENTRY--TOPICAL TERM | |
| Topical term or geographic name as entry element | Beanstalk stories-Fiction |
| 650 ## - SUBJECT ADDED ENTRY--TOPICAL TERM | |
| Topical term or geographic name as entry element | Giants stories-Fiction |
| Withdrawn status | Lost status | Damaged status | Home library | Current library | Shelving location | Date acquired | Source of acquisition | Cost, normal purchase price | Total Checkouts | Full call number | Barcode | Date last seen | Price effective from | Koha item type |
|---|---|---|---|---|---|---|---|---|---|---|---|---|---|---|
| Elizalde Library | Elizalde Library | Teachers Reference Section | 08/24/2000 | 172.00 | TR(PS E Ji56 1970 | E3913 | 04/12/2014 | 04/12/2014 | Books |